Análisis estructural

Wedi'i Gadw mewn:
Manylion Llyfryddiaeth
Prif Awdur: Laible, Jeffrey P (Awdur)
Fformat: Llyfr
Iaith:Sbaeneg
Cyhoeddwyd: Ciudad de México McGraw-Hill 1992
Pynciau:
Tagiau: Ychwanegu Tag
Dim Tagiau, Byddwch y cyntaf i dagio'r cofnod hwn!

MARC

LEADER 00000nam a2200000 a 4500
001 UCY0029
003 CL-VaPUC
008 940707e19920000MX |||||||||||||||||spa|d
082 0 4 |a 624.171  |b LAI  |2 21 
100 0 |a Laible, Jeffrey P  |e author  |9 327598 
245 1 0 |a Análisis estructural 
300 |a 910 p 
942 |c BK 
945 |d 19940707 00:00:00  |a mfernand 
260 |a Ciudad de México  |b McGraw-Hill  |c 1992 
650 0 |a Análisis estructural   |x Ingeniería   |9 262653 
650 0 |a Ingeniería de estructuras  |9 262550 
583 |a last modification  |c 19940707 00:00:00  |k Rodrigo Vera 
999 |c 229124  |d 229122 
952 |0 0  |1 0  |4 0  |6 624_171000000000000_LAI_1992  |7 0  |8 A  |9 229746  |a BIBMEC  |b BIBMEC  |d 2019-11-15  |i 299318K  |o 624.171 LAI 1992  |p 299318K  |r 2024-01-19  |w 2019-11-15  |y BK  |k MEC